Nelinejnyje sistemy upravlenija

Saved in:
Bibliographic Details
Format: Book
Language:Russian
Published: Moskva Mir 1987
Edition:1. izd.
Tags: Add Tag
No Tags, Be the first to tag this record!

MARC

LEADER 00000nam a2200000 4500
001 c035161
005 20260128075025.5
041 0 |a rus 
044 |a RU 
245 1 0 |a Nelinejnyje sistemy upravlenija  |c Klaus Göldner ; [Z nem. prel.] S.P. Zabrodin, A.A. Polozov 
250 |a 1. izd. 
264 1 |a Moskva  |b Mir  |c 1987 
300 |a 367 s.